Catálogo

Macmillan english grammar in context : (Registro nro. 67039)

Detalles MARC
000 -LEADER
fixed length control field 00783nam a2200241 u 4500
001 - CONTROL NUMBER
control field 67039
005 - DATE AND TIME OF LATEST TRANSACTION
control field 20191007111040.0
008 - FIXED-LENGTH DATA ELEMENTS--GENERAL INFORMATION
fixed length control field 170329s2008 th a r 000 0 eng d
020 ## - INTERNATIONAL STANDARD BOOK NUMBER
International Standard Book Number 9781405071451
040 ## - CATALOGING SOURCE
Description conventions rda
041 0# - LANGUAGE CODE
Language code of text/sound track or separate title spa
082 0# - DEWEY DECIMAL CLASSIFICATION NUMBER
Classification number 428.24
Item number VIN
100 1# - MAIN ENTRY--PERSONAL NAME
Personal name Vince, Michael,
Relator term autor
9 (RLIN) 3939
245 10 - TITLE STATEMENT
Title Macmillan english grammar in context :
Remainder of title advanced with key /
Statement of responsibility, etc. Michael Vince.
250 ## - EDITION STATEMENT
Edition statement First edition
264 #1 - PRODUCTION, PUBLICATION, DISTRIBUTION, MANUFACTURE, AND COPYRIGHT NOTICE
Place of production, publication, distribution, manufacture Thailand :
Name of producer, publisher, distributor, manufacturer Macmillan Education,
Date of production, publication, distribution, manufacture, or copyright notice 2008
300 ## - PHYSICAL DESCRIPTION
Extent 240 páginas + :
Other physical details ilustraciones ;
Dimensions 28 cm.
Accompanying material 1 disco compacto :
336 ## - CONTENT TYPE
Content type term texto
Source rdacontent
Content type code txt
337 ## - MEDIA TYPE
Media type term sin medio
Source rdamedia
Media type code n
338 ## - CARRIER TYPE
Carrier type term volumen
Source rdacarrier
Carrier type code nc
650 #4 - SUBJECT ADDED ENTRY--TOPICAL TERM
Topical term or geographic name entry element Inglés
General subdivision Gramatica comparada y general
942 ## - ADDED ENTRY ELEMENTS (KOHA)
Classification part 428.24
Item part VIN
Koha item type Libro
Existencias
Withdrawn status Lost status Source of classification or shelving scheme Damaged status Not for loan Collection code Home library Current library Shelving location Date acquired Source of acquisition Total Checkouts Full call number Barcode Price effective from Koha item type
    Dewey Decimal Classification     General Preparatoria Sur Preparatoria Sur Sala general 29/03/2017 Compra   428.24 VIN 2008 830162 30/03/2017 Libro